The Soviet circus [

Bibliographic Details
Format: Book
Published: s.l. : National Geographic , 19__
Subjects:

MARC

LEADER 00000cam a2200000 7i4500
001 0000002190
002 000002387
005 20021003.0
020 |a 000002387 
090 0 0 |a 791.3   |b SOV 
245 0 4 |a The Soviet circus [  |h video recording] 
260 |a s.l. :   |b National Geographic ,   |c 19__ 
300 |a 1 Video recording VHS (60 minutes) :   |b col. 
500 |a Library has 1 copy 
650 0 0 |a Circus animals 
999 |a 00093   |b VIDEO   |c KOLEKSI AUDIO VIDEO   |e PERPUSTAKAAN KOMUNITI PETALING JAYA